书目信息 |
| 题名: |
岩体力学
|
|
| 作者: | 晏长根 , 许江波 , 包含 编著 | |
| 分册: | ||
| 出版信息: | 北京 人民交通出版社股份有限公司 2017.4 |
|
| 页数: | 265页 | |
| 开本: | 26cm | |
| 丛书名: | ||
| 单 册: | ||
| 中图分类: | TU45 | |
| 科图分类: | ||
| 主题词: | 岩石力学 | |
| 电子资源: | ||
| ISBN: | 978-7-114-13748-8 | |
| 000 | 01248nam0 2200265 450 | |
| 001 | 0400002715 | |
| 005 | 20171021133511.0 | |
| 010 | @a978-7-114-13748-8@dCNY38.00 | |
| 100 | @a20170619e2017 em y0chiy50 ea | |
| 101 | 0 | @achi |
| 102 | @aCN@b110000 | |
| 105 | @aa z 000yy | |
| 106 | @ar | |
| 200 | 1 | @a岩体力学@9yan ti li xue@dRock mass mechanics@f晏长根, 许江波, 包含编著@zeng |
| 210 | @a北京@c人民交通出版社股份有限公司@d2017.4 | |
| 215 | @a265页@c图@d26cm | |
| 330 | @a本书共分为十个章节。第一章到六章突出岩体力学基础理论、基本知识和基本技能的讲解,包括岩石的基本物理力学性质、结构面的物理力学性质、岩体的基本力学性质、岩体的工程分类以及岩体的初始地应力状态;第七章、第八章、第九章分别介绍三大岩体工程,即洞室工程、边坡工程和岩基工程,突出岩体力学理论和方法在岩体工程设计、施工和维护中的应用,使学生从大量工程实例中提高分析问题、解决问题的能力;第十章介绍了岩体力学的研究现状及展望,重点介绍岩石力学的新理论、新技术、新方法,为学生今后的深入学习和应用提供思路和方向。 | |
| 510 | 1 | @aRock mass mechanics@zeng |
| 606 | 0 | @a岩石力学 |
| 690 | @aTU45@v5 | |
| 701 | 0 | @a晏长根@9yan chang gen@4编著 |
| 701 | 0 | @a许江波@9xu jiang bo@4编著 |
| 701 | 0 | @a包含@9bao han@4编著 |
| 801 | 0 | @aCN@b91MARC@c20171021 |
| 905 | @b1021783-7@dTU45@f5@e1018 | |
| 岩体力学=Rock mass mechanics/晏长根, 许江波, 包含编著.-北京:人民交通出版社股份有限公司,2017.4 |
| 265页:图;26cm |
| ISBN 978-7-114-13748-8:CNY38.00 |
| 本书共分为十个章节。第一章到六章突出岩体力学基础理论、基本知识和基本技能的讲解,包括岩石的基本物理力学性质、结构面的物理力学性质、岩体的基本力学性质、岩体的工程分类以及岩体的初始地应力状态;第七章、第八章、第九章分别介绍三大岩体工程,即洞室工程、边坡工程和岩基工程,突出岩体力学理论和方法在岩体工程设计、施工和维护中的应用,使学生从大量工程实例中提高分析问题、解决问题的能力;第十章介绍了岩体力学的研究现状及展望,重点介绍岩石力学的新理论、新技术、新方法,为学生今后的深入学习和应用提供思路和方向。 |
| ● |
| 相关链接 |
|
|
|
|
正题名:岩体力学
索取号:TU45/1018
 
预约/预借
| 序号 | 登录号 | 条形码 | 馆藏地/架位号 | 状态 | 备注 |
| 1 | 1021783 | 210217834 | 第二样本阅览室/ [索取号:TU45/1018] | 在馆 | |
| 2 | 1021784 | 210217843 | 密集书库-生命科学系/ [索取号:TU45/1018] | 在馆 | |
| 3 | 1021785 | 210217852 | 第三借阅区/ [索取号:TU45/1018] | 在馆 | |
| 4 | 1021786 | 210217861 | 第三借阅区/ [索取号:TU45/1018] | 在馆 | |
| 5 | 1021787 | 210217870 | 第三借阅区/ [索取号:TU45/1018] | 在馆 |